| 000 | 00536ngm a22001937a 4500 | ||
|---|---|---|---|
| 005 | 20170220112642.0 | ||
| 008 | 160921b xxu||||| |||| 00| 0 spa d | ||
| 041 | _aspa | ||
| 082 | _a17 DVD | ||
| 100 |
_aLugo, Danilo _940439 |
||
| 245 | _aDelitos económicos y financieros : en la empresa privada y pública | ||
| 260 | _aM.S.T..V. | ||
| 300 | _a1 CD-ROM | ||
| 650 |
_aDELITOS ECONÓMICOS _92097 |
||
| 650 |
_aDELITOS FINANCIEROS _911802 |
||
| 650 |
_aCRIMEN ORGANIZADO _987 |
||
| 650 |
_aLAVADO DE ACTIVOS _913166 |
||
| 942 | _cDVD | ||
| 999 |
_c8860 _d8860 |
||